000 00284nam a2200121Ia 4500
005 20251222155125.0
008 251222s9999||||xx |||||||||||||| ||spa||
082 _aFAR. 08
100 _aUniv. de Lima,
245 0 _aIndustria Farmacéutica
264 _bUniv. De Lima
942 _cLIB
999 _c38577
_d38577